000 00247nam a2200097Ia 4500
008 240331s9999 xx 000 0 und d
082 _a303.4
_bSHA
100 _aShanmulingan, N
245 0 _aPanpattin samookaviyal :
_bsociology and culture
942 _cL
999 _c1227
_d1227